Online Catalogue and eLibrary

Rice bowl women : (Record no. 83)

MARC details
000 -LEADER
fixed length control field 00658cam a2200217 a 4500
001 - CONTROL NUMBER
control field 1373020
005 - DATE AND TIME OF LATEST TRANSACTION
control field 20231127024330.0
008 - FIXED-LENGTH DATA ELEMENTS--GENERAL INFORMATION
fixed length control field 820916s1982 nyu b 000 1 eng
020 ## - INTERNATIONAL STANDARD BOOK NUMBER
ISBN 0451620828 (pbk.) :
040 ## - CATALOGING SOURCE (பட்டியலாக்க மூலம்)
Original cataloging agency DLC
Transcribing agency DLC
Modifying agency DLC
082 00 - DDC Classification
Class No. 305.4
DDC Edition Number 19
245 00 - TITLE STATEMENT
Title Rice bowl women :
Remainder of title writings by and about the women of China and Japan/
Statement of responsibility, etc. edited with an introduction and notes by Dorothy Blair Shimer.
260 ## - PUBLICATION, DISTRIBUTION, ETC.
Place of publication, distribution, etc. New York :
Name of publisher, distributor, etc. New American Library,
Date of publication, distribution, etc. 1982.
300 ## - PHYSICAL DESCRIPTION
Extent (e.g. Volumes, Pages etc.) 390 p. ;
500 ## - GENERAL NOTE
General note "A Mentor book."
650 #0 - SUBJECT ADDED ENTRY--TOPICAL TERM
Topical term or geographic name entry element Chinese fiction
650 #0 - SUBJECT ADDED ENTRY--TOPICAL TERM
Topical term or geographic name entry element Japanese fiction
650 #0 - SUBJECT ADDED ENTRY--TOPICAL TERM
Topical term or geographic name entry element Women
700 1# - ADDED ENTRY--PERSONAL NAME
Personal name Shimer, Dorothy Blair.
Relator term (Role) Editor
942 ## - Koha item type (Biblio)
Koha item type Books in Stacks (Lending)
Holdings
Lost status Damaged status Collection code Home library Current library Date acquired Full call number Accession Number Item type
    Lending WERC Library WERC Library 11/27/2023 305.4 38 Books in Stacks (Lending)

© WERC Library